Оценка дисконтированной стоимости минерального сырья в недрах России; Известия Томского политехнического университета [Известия ТПУ]; Т. 304, вып. 1 : Геология, поиски и разведка полезных ископаемых Сибири

Bibliographische Detailangaben
Parent link:Известия Томского политехнического университета [Известия ТПУ]/ Томский политехнический университет (ТПУ).— , 2000-
Т. 304, вып. 1 : Геология, поиски и разведка полезных ископаемых Сибири.— 2001.— [С. 337-343]
1. Verfasser: Боярко Г. Ю. Григорий Юрьевич
Zusammenfassung:Заглавие с титульного листа
Электронная версия печатной публикации
Оценка стоимости минерального сырья в недрах является одной из задач экономической геологии. Дисконтированная стоимость минерального сырья в недрах всего мира составляет 29619 млрд. долл., в недрах же России при оптимальном сценарии развития - 4214 млрд. долл. (14,2% от мировых), а при экстенсивном - 1253 млрд. долл. (4,2%). Основную долю дисконтированной стоимости минераль­ного сырья в недрах Российской Федерации составляют природный газ и нефть, за ними с большим отрывом каменный уголь, сумма строительных материалов, алмазы, никель, железные руды и палладий. В мировом балансе дисконтированной стоимости недр на первом месте находится нефть, затем природный газ, каменный уголь, сумма строительных материалов, золото, медь и железные руды.
Sprache:Russisch
Veröffentlicht: 2001
Schriftenreihe:Экономика минерального сырья
Schlagworte:
Online-Zugang:http://www.lib.tpu.ru/fulltext/v/Bulletin_TPU/2001/v304/32.pdf
Format: MixedMaterials Elektronisch Buchkapitel
KOHA link:https://koha.lib.tpu.ru/cgi-bin/koha/opac-detail.pl?biblionumber=162957

MARC

LEADER 00000nla2a2200000 4500
001 162957
005 20240124104812.0
035 |a (RuTPU)RU\TPU\book\176745 
035 |a RU\TPU\book\176744 
090 |a 162957 
100 |a 20090629d2001 k y0rusy50 ca 
101 0 |a rus 
102 |a RU 
135 |a drnn ---uucaa 
181 0 |a i  
182 0 |a b 
200 1 |a Оценка дисконтированной стоимости минерального сырья в недрах России  |f Г. Ю. Боярко 
203 |a Текст  |c электронный 
215 |a 1 файл (1.1 Мб) 
225 1 |a Экономика минерального сырья 
300 |a Заглавие с титульного листа 
300 |a Электронная версия печатной публикации 
320 |a [Библиогр.: с. 343 (9 назв.)] 
330 |a Оценка стоимости минерального сырья в недрах является одной из задач экономической геологии. Дисконтированная стоимость минерального сырья в недрах всего мира составляет 29619 млрд. долл., в недрах же России при оптимальном сценарии развития - 4214 млрд. долл. (14,2% от мировых), а при экстенсивном - 1253 млрд. долл. (4,2%). Основную долю дисконтированной стоимости минераль­ного сырья в недрах Российской Федерации составляют природный газ и нефть, за ними с большим отрывом каменный уголь, сумма строительных материалов, алмазы, никель, железные руды и палладий. В мировом балансе дисконтированной стоимости недр на первом месте находится нефть, затем природный газ, каменный уголь, сумма строительных материалов, золото, медь и железные руды. 
337 |a Adobe Reader 
461 1 |0 (RuTPU)RU\TPU\book\176237  |t Известия Томского политехнического университета [Известия ТПУ]  |f Томский политехнический университет (ТПУ)  |d 2000- 
463 1 |0 (RuTPU)RU\TPU\book\176705  |t Т. 304, вып. 1 : Геология, поиски и разведка полезных ископаемых Сибири  |o тематический выпуск  |f под ред. А. Ф. Коробейникова  |v [С. 337-343]  |d 2001  |p 343 с. 
610 1 |a недра 
610 1 |a Россия 
610 1 |a минеральное сырье 
610 1 |a дисконтированная стоимость 
610 1 |a оценки 
610 1 |a экономическая геология 
610 1 |a труды учёных ТПУ 
610 1 |a электронный ресурс 
610 1 |a природный газ 
610 1 |a нефть 
610 1 |a каменный уголь 
610 1 |a строительные материалы 
610 1 |a алмазы 
610 1 |a никель 
610 1 |a железные руды 
610 1 |a палладий 
610 1 |a золото 
610 1 |a медь 
700 1 |a Боярко  |b Г. Ю.  |c экономист  |c заведующий кафедрой Томского политехнического университета, доктор экономических наук  |f 1954-  |g Григорий Юрьевич  |3 (RuTPU)RU\TPU\pers\26105  |9 11935 
801 1 |a RU  |b 63413507  |c 20090623  |g PSBO 
801 2 |a RU  |b 63413507  |c 20210318  |g PSBO 
856 4 |u http://www.lib.tpu.ru/fulltext/v/Bulletin_TPU/2001/v304/32.pdf 
942 |c CF